[Event "Rome Lazio op 28th"]
[Site "Rome"]
[Date "2021.11.21"]
[Round "5"]
[White "Ruggiero, Alessandro"]
[Black "Pallante, Simone"]
[Result "1-0"]
[WhiteElo "1492"]
[BlackElo "1959"]
[PlyCount "89"]
[EventDate "2021.11.19"]
[EventType "swiss"]
[EventRounds "5"]
[EventCountry "ITA"]
[SourceTitle "CBM 205 Extra"]
[Source "ChessBase"]
[SourceDate "2022.01.31"]
[SourceVersion "1"]
[SourceVersionDate "2022.01.31"]
[SourceQuality "1"]

1. e4 c5 2. Nf3 Nc6 3. Nc3 d6 4. d4 cxd4 5. Nxd4 Nf6 6. f3 g6 7. Be3 Bg7 8. Qd2 0-0 9. 0-0-0 a6 10. g4 Nxd4 11. Bxd4 b5 12. h4 Qa5 13. h5 b4 14. Nd5 Nxd5 15. Bxg7 Kxg7 16. hxg6 fxg6 17. Qh6+ Kf7 18. Bc4 Ke8 19. exd5 Rf7 20. Rhe1 Qc5 21. b3 a5 22. Kb1 a4 23. Qe3 axb3 24. Bxb3 Qc7 25. Rd4 Qa5 26. Re4 Ra7 27. Qd4 Rc7 28. Qxb4 Qxb4 29. Rxb4 Rxf3 30. Rh1 Rf7 31. Rb8 Kf8 32. a4 Kg7 33. Rb4 Rc5 34. Re4 Bb7 35. Rd1 Rc7 36. Kb2 Rf3 37. Rde1 e5 38. dxe6 Bxe4 39. Rxe4 Kf8 40. a5 Ke7 41. a6 Ra7 42. Rb4 Rxa6 43. Rb7+ Ke8 44. Bc4 Rfa3 45. Bb5+ 1-0

[Event "EU-ch U10 26th"]
[Site "Prague"]
[Date "2016.08.25"]
[Round "7"]
[White "Michaelides, Alexandros"]
[Black "Ruggiero, Alessandro"]
[Result "1-0"]
[WhiteElo "1177"]
[BlackElo "1102"]
[PlyCount "55"]
[EventDate "2016.08.18"]
[EventType "swiss"]
[EventRounds "9"]
[EventCountry "CZE"]
[SourceTitle "CBM 174 Extra"]
[Source "ChessBase"]
[SourceDate "2016.10.10"]
[SourceVersion "1"]
[SourceVersionDate "2016.10.10"]
[SourceQuality "1"]

1. d4 d5 2. Nf3 Nf6 3. e3 Bf5 4. Bd3 Bxd3 5. Qxd3 e6 6. Nbd2 c5 7. c3 Nc6 8. 0-0 c4 9. Qc2 Bd6 10. e4 dxe4 11. Nxe4 Nxe4 12. Qxe4 0-0 13. Qg4 Kh8 14. Bf4 Bxf4 15. Qxf4 Ne7 16. Rfe1 Ng6 17. Qe4 b5 18. Rad1 Qb6 19. Ne5 Nxe5 20. dxe5 Rad8 21. h3 Rxd1 22. Rxd1 Rd8 23. Rxd8+ Qxd8 24. Qb7 g6 25. Qxf7 Qg8 26. Qxa7 Qg7 27. Qc5 Qb7 28. Qf8# 1-0

[Event "EU-ch U10 26th"]
[Site "Prague"]
[Date "2016.08.20"]
[Round "3"]
[White "Ruggiero, Alessandro"]
[Black "Thorisson, Benedikt"]
[Result "1-0"]
[WhiteElo "1102"]
[BlackElo "1265"]
[PlyCount "26"]
[EventDate "2016.08.18"]
[EventType "swiss"]
[EventRounds "9"]
[EventCountry "CZE"]
[SourceTitle "CBM 174 Extra"]
[Source "ChessBase"]
[SourceDate "2016.10.10"]
[SourceVersion "1"]
[SourceVersionDate "2016.10.10"]
[SourceQuality "1"]

1. e4 c5 2. Nf3 e6 3. d4 cxd4 4. Nxd4 Nc6 5. Nxc6 bxc6 6. c4 Bc5 7. Be2 d6 8. 0-0 h6 9. Nc3 Nf6 10. Bf4 0-0 11. Qc2 Bd4 12. Rfd1 Bxc3 13. Rxd6 Qe8 1-0

[Event "EU-ch U10 26th"]
[Site "Prague"]
[Date "2016.08.19"]
[Round "2"]
[White "Goncharenko, Oleksii"]
[Black "Ruggiero, Alessandro"]
[Result "1-0"]
[WhiteElo "1418"]
[BlackElo "1102"]
[PlyCount "39"]
[EventDate "2016.08.18"]
[EventType "swiss"]
[EventRounds "9"]
[EventCountry "CZE"]
[SourceTitle "CBM 174 Extra"]
[Source "ChessBase"]
[SourceDate "2016.10.10"]
[SourceVersion "1"]
[SourceVersionDate "2016.10.10"]
[SourceQuality "1"]

1. d4 d5 2. c4 e6 3. Nc3 Nf6 4. Bg5 Be7 5. e3 0-0 6. Nf3 Nbd7 7. Bd3 c5 8. cxd5 exd5 9. dxc5 Nxc5 10. Bc2 b6 11. 0-0 Ba6 12. Re1 Bb7 13. Nd4 a6 14. Nf5 Bc8 15. Ne2 h6 16. Bh4 Ncd7 17. Ned4 Ne5 18. b3 Ng6 19. Nxe7+ Qxe7 20. Nf5 1-0